NASCAR Multiple Choice: Finishes - Statistics

General Stats
  • This quiz has been taken 205 times
  • The average score is 11 of 15
Answer Stats
Question Answer % Correct
Dale Earnhardt tried to win the 1995 Goody's 500 at Bristol by using his bumper. He wasn't in time, though, as the winner crashed across the start/finish line to win the race. Who won? Terry Labonte
87%
In the 2011 running of the Daytona 500, the Wood Brothers Racing #21 Ford made its triumphant and shocking return to victory lane with which young driver making his second career start? Trevor Bayne
87%
In 2016, John Hunter Nemechek and Cole Custer had a crazy finish in the Truck Series in which Nemechek pinned Custer off the track, through the grass, and into the wall before taking his #8 Chevrolet to victory lane. Custer tackled him post-race in what would become a memorable finish. In what foreign country did this race take place? Canada
83%
In 1979, Richard Petty slipped through to win the Daytona 500 after favorites Cale Yarborough and Donnie Allison crashed together on the last lap. What did they do after the race? fight
80%
In 2003, Ricky Craven won a fantastic, door-banging, wall-slapping race to the finish at Darlington over which Cup champion? Kurt Busch
80%
In the inaugural Daytona 500 in 1959, Johnny Beauchamp was originally declared the winner in a three-wide photo finish. Who was given the win after further review? Lee Petty
80%
An incredible back-and-forth battle between Brad Keselowski and Marcos Ambrose in 2012 allowed Ambrose to win his second career race. Which track featured the finish? Watkins Glen
80%
The great Dale Earnhardt passed away following an accident on the last lap of the Daytona 500 in 2001. Later that year, one driver won the summer race at Daytona in an emotional fashion. Who was it? Dale Earnhardt Jr
77%
In 2018 at Chicagoland Speedway, Kyle Larson attempted to pull off a last-lap slide job to take the win. He couldn't quite do it and finished second to whom? Kyle Busch
77%
Fill in the blank of this quote which came at the finish of the 2007 Daytona 500: "Hard crash, here they come, checkered flag, __________!" Harvick
73%
A fantastic three-wide finish in 2011 at Talladega saw which Hendrick Motorsports driver win the race by a mere two one-thousandths of a second? Jimmie Johnson
73%
The 1992 All-Star Race saw which driver, who edged Kyle Petty at the start/finish line before being turned driver's side into the outside wall, win? Davey Allison
63%
Fill in the blank of this quote from the 1993 spring race at Talladega: "Ernie Irvan wins and ______ spins and gets airborne! And flips wildly right at the start/finish line very reminiscent of his accident at Daytona." Rusty (Wallace)
60%
In the 2016 Xfinity Series race at Auto Club Speedway, leader Kyle Busch blew a tire on the last lap. He was passed by Daniel Suarez, who then ran out of gas on the backstretch and gave the lead back to Busch. As Busch rounded turn four, which Chevrolet driver maneuvered around him to win the race? Austin Dillon
57%
In 2018, Elliott Sadler lost both the first race of the Xfinity Series season at Daytona by only 0.0004 seconds to which driver? Tyler Reddick
53%
No matching quizzes found
Score Distribution
Percent of People with Each Score
Percentile by Number Answered
Your Score History
You have not taken this quiz